00517 2200181 4500001002100000005001700021008004100038035002400079082000800103090001500111100002600126245008900152260002800241300003000269650000900299852001200308990001500320YOGYA-0612000000044520120605232112.0 ind  0010-061200000000443 a772 a772bSuL P aSULEIMAN, Amir Hamzah aPedoman pembuatan foto berwarna (proses negatif-positif)coleh Amir Hamzah Suleiman. aJakartabGramediac1985 aX, 173 hlm.bilusc20 cm. aFoto aYOPDYOG a36411-P/93